Secondary centres (Record no. 110546)

MARC details
000 -LEADER
fixed length control field 01196cad a22002055a 4500
001 - CONTROL NUMBER
control field E149579
008 - FIXED-LENGTH DATA ELEMENTS--GENERAL INFORMATION
fixed length control field 100323s2010 xxk f 000 0 eng d
020 ## - INTERNATIONAL STANDARD BOOK NUMBER
International Standard Book Number 9781897958476
035 ## - SYSTEM CONTROL NUMBER
System control number (Sirsi) u149579
041 0# - LANGUAGE CODE
Language code of text/sound track or separate title eng
100 1# - MAIN ENTRY--PERSONAL NAME
Personal name David, Rosalind
245 00 - TITLE STATEMENT
Title Secondary centres
Remainder of title the impact of the recession on secondary shopping centres
Medium [electronic resource]
260 ## - PUBLICATION, DISTRIBUTION, ETC.
Place of publication, distribution, etc. London
Name of publisher, distributor, etc. BCSC
Date of publication, distribution, etc. 2010
520 ## - SUMMARY, ETC.
Summary, etc. Looks at the ways in which shopping centres, particularly those in "secondary" locations are coping the the economic downturn. Estimates that of the 820 shopping centres in the UK, around 155 are in danger of defaulting on loans provided to purchase the assets. Suggests that the North West of England is the area where most shopping centres are at risk.
590 ## - LOCAL NOTE (RLIN)
Local note KA
651 #4 - SUBJECT ADDED ENTRY--GEOGRAPHIC NAME
Geographic name United Kingdom
Chronological subdivision
690 ## - LOCAL SUBJECT ADDED ENTRY--TOPICAL TERM (OCLC, RLIN)
Topical term or geographic name as entry element PROPERTY-COMMERCIAL PROPERTY-RETAIL PROPERTY-SHOPPING CENTRE, MALL AND ARCADE PROPERTY-SHOPPING CENTRES, MALLS AND ARCADES
856 40 - ELECTRONIC LOCATION AND ACCESS
Uniform Resource Identifier <a href="https://www.propertyweek.com/Journals/Builder_Group/Property_Week/29_January_2010/attachments/Seondary%20Centres%20Report%20-%20FINAL.pdf">https://www.propertyweek.com/Journals/Builder_Group/Property_Week/29_January_2010/attachments/Seondary%20Centres%20Report%20-%20FINAL.pdf</a>
Public note View the report free of charge (PDF file) at www.propertyweek.com
942 ## - ADDED ENTRY ELEMENTS (KOHA)
Suppress in OPAC 0
Holdings
Withdrawn status Lost status Source of classification or shelving scheme Damaged status Not for loan Home library Current library Shelving location Date acquired Total Checkouts Full call number Barcode Date last seen Copy number Price effective from Koha item type
    Dewey Decimal Classification     Virtual Virtual Online 23/03/2010   ONLINE PUBLICATION 149579-2001 06/08/2019 1 06/08/2019 Book